|
|
|
|
| LEADER |
00000cam a2200000 a 4500 |
| 001 |
vtls008332975 |
| 003 |
SK-MaSNL |
| 005 |
20260302003748.0 |
| 008 |
230501s1970 xo oa d p 001 0 slo |
| 015 |
|
|
|a SNBA1970/07-01506
|
| 035 |
|
|
|a SK01SNK19700025192
|
| 035 |
|
|
|a 1A884AF2-7872-4E74-B1AC-A263519EF16B
|
| 035 |
|
|
|a urn:nbn:sk:snk-am00ik7g
|
| 035 |
|
|
|a SKM000027655
|
| 040 |
|
|
|a SNK
|b slo
|c SNK
|e AACR2
|
| 041 |
0 |
|
|a slo
|
| 044 |
|
|
|a xo
|c SK
|
| 080 |
|
|
|a 618.2(075.3)
|2 1981
|
| 100 |
1 |
|
|a Dlhoš, Ernest,
|d 1910-1994
|4 aut
|9 117078
|
| 245 |
1 |
0 |
|a Pôrodníctvo
|b učebný text pre stredné zdravotnícke školy, odbor ženských sestier
|c Ernest Dlhoš, Alfred Kotásek
|
| 250 |
|
|
|a 2. vyd.
|
| 260 |
|
|
|a Martin
|b Osveta
|c 1970
|e Banská Bystrica
|f Tlačiarne SNP
|
| 300 |
|
|
|a 570, [2] s.
|b fotogr., ilustr.
|c 8°
|
| 366 |
|
|
|e 1000 výtl.
|
| 490 |
1 |
|
|a Učebnice pre stredné zdravotnícke školy
|
| 500 |
|
|
|a Obsahuje register
|
| 650 |
0 |
7 |
|a pôrodníctvo
|2 SNKPH
|9 2475
|
| 655 |
|
7 |
|a učebnice stredných škôl
|2 SNKPH
|9 69323
|
| 700 |
1 |
|
|a Kotásek, Alfréd,
|d 1911-1991
|4 aut
|9 142766
|
| 830 |
|
0 |
|a Učebnice pre stredné zdravotnícke školy
|9 277008
|
| 852 |
|
|
|a Slovenská národná knižnica
|
| 954 |
|
|
|a odborná, vedecká literatúra pôvodná (slovenská)
|2 lita
|
| 958 |
|
|
|a UC
|
| 958 |
|
|
|a OND
|
| 958 |
|
|
|a RK
|
| 958 |
|
|
|a MI
|
| 958 |
|
|
|a EUIPO
|
| 999 |
|
|
|c 993237
|d 995167
|
| 952 |
|
|
|a SNK
|b SNK
|y PREZ
|7 0
|p 17A0921432
|o snkSC 26236
|i snkKSP 5299/70
|0 0
|1 0
|4 0
|d 2012-08-28
|f 1
|l 0
|r 2026-02-24 11:55:40
|w 2026-02-24
|
| 952 |
|
|
|a SNK
|b SNK
|y VYP
|7 0
|p 17A0178302
|o snkSC 26236 D1
|0 0
|1 0
|4 0
|d 1999-02-04
|l 0
|r 2005-01-02 00:00:00
|w 2026-02-24
|